| 000 | 01191cam a2200313Mi 4500 | ||
|---|---|---|---|
| 001 | ocn875284962 | ||
| 005 | 20211209140818.0 | ||
| 008 | 171115s2013 xxua f 100 0 eng d | ||
| 020 | _a9781574001471 | ||
| 020 | _a1574001477 | ||
| 035 | _a(OCoLC)875284962 | ||
| 040 |
_aCo-BoUCM _bspa _cDeissy Garcia (modificó) _dSaul Niño |
||
| 041 | 0 | _aeng | |
| 060 | _aWE 860 | ||
| 080 | _a616.7 | ||
| 111 | 2 |
_aInternational Consensus Meeting on Periprosthetic Joint Infection _d(2013 : _cPhiladelphia) _988937 |
|
| 245 | 1 | 0 |
_aProceedings of the International Consensus Meeting on Periprosthetic Joint Infection _cchairs Javad Parvizi, Thorsten Gehrke |
| 246 | 3 | _aPeriprosthetic Joint Infection | |
| 260 |
_aBrooklandville _bData Trace Publishing Company _c2013 |
||
| 300 |
_a304 páginas _bgráficas |
||
| 546 | _aTexto en inglés | ||
| 650 | 7 |
_aInfecciones de las articulaciones _917520 |
|
| 650 | 7 |
_aInfecciones _xEfectos secundarios _917511 |
|
| 650 | 7 |
_aMedicina _xCirugía _97820 |
|
| 650 | 7 |
_aPrótesis articulares _xEfectos secundarios _922665 |
|
| 700 | 1 | 2 |
_aParvizi, Javad _988938 |
| 700 | 1 |
_aGehrke, Thorsten _988939 |
|
| 942 |
_2NLM _a15 _cLIBRO _e1 _hWE 860 _mP963i _n0 |
||
| 999 |
_c308624 _d308624 |
||